| 000 | 00668nam a22002297a 4500 | ||
|---|---|---|---|
| 001 | 00147 | ||
| 003 | DO-SdBNP | ||
| 005 | 20171108120630.0 | ||
| 007 | 00147 | ||
| 008 | 160915b2010 mx ||||| |||| 00| 0 spa d | ||
| 020 | _a9786071104274 | ||
| 040 |
_aBPMSU _bspa _cBPMSU |
||
| 082 | 4 |
_a133.59272 _bT663L |
|
| 245 | 1 | 3 |
_aEl libro de los destinos : _bdescubre qué te depara la nueva era / _cTonalpouhoui |
| 260 |
_aMéxico, D.F. : _bAlamah, _c2010 |
||
| 300 |
_a238 p. ; _b23 cm. |
||
| 650 | 4 | _aASTROLOGÍA AZTECA | |
| 910 | _aValidado. Control de calidad MFF | ||
| 942 |
_2ddc _cBK |
||
| 945 | _aInventariado, 2017/MFF | ||
| 956 |
_aVMATEO _b10 _c20160915 _dBPMSU _f0069 |
||
| 999 |
_c11403 _d11403 |
||